|
|
|
|
| LEADER |
00000nas a2200000 a 4500 |
| 001 |
ssj0015884 |
| 003 |
WaSeSS |
| 005 |
20200512172242.0 |
| 006 |
m d |
| 007 |
cr n |
| 008 |
020212c19889999enkqr pss 0 a0eng c |
| 010 |
|
|
|a 2004263325
|
| 015 |
|
|
|a GBB5G8145
|2 bnb
|
| 016 |
7 |
|
|a 013361081
|2 Uk
|
| 022 |
|
|
|a 1475-8059
|l 0893-5696
|y 0893-5696
|
| 035 |
|
|
|a (WaSeSS)ssj0015884
|
| 037 |
|
|
|b Guilford Publications, Inc., 72 Spring Street, New York, NY 10012
|
| 040 |
|
|
|a F#A
|b eng
|e pn
|c F#A
|d OCLCQ
|d TXA
|d OCLCQ
|d OCLCG
|d OCLCQ
|d UKMGB
|d OCLCQ
|d OCLCF
|d OCLCO
|d OCLCQ
|d DLC
|d AU@
|d WaSeSS
|
| 042 |
|
|
|a pcc
|
| 050 |
0 |
0 |
|a HX1
|
| 082 |
0 |
0 |
|a 335.43/05
|2 19
|
| 130 |
0 |
|
|a Rethinking Marxism (Online)
|
| 245 |
1 |
0 |
|a Rethinking Marxism
|h [electronic resource].
|
| 246 |
1 |
|
|a Rethinking Marxism :
|b a journal of economics, culture & society
|
| 260 |
|
|
|a [New York, N.Y.] :
|b Guilford Publications
|
| 260 |
3 |
|
|a <2003-> :
|a [Abingdon] :
|b Routledge, Taylor & Francis
|
| 310 |
|
|
|a Quarterly
|
| 362 |
1 |
|
|a Print began with vol. 1, no. 1 (spring 1988).
|
| 506 |
|
|
|a License restrictions may limit access.
|
| 515 |
|
|
|a Some numbers issued in combined form.
|
| 538 |
|
|
|a Mode of access: World Wide Web.
|
| 550 |
|
|
|a A project of the Association for Economic and Social Analysis.
|
| 588 |
|
|
|a Description based on: Vol. 13, no. 1 (Mar. 2001); title from issue table of contents (MetaPress, viewed Dec. 22, 2004).
|
| 588 |
|
|
|a Latest issue consulted: Vol. 30, no. 2 (2018) (Taylor & Francis website, viewed Sept. 17, 2018).
|
| 600 |
1 |
0 |
|a Marx, Karl,
|d 1818-1883
|v Periodicals.
|
| 600 |
1 |
7 |
|a Marx, Karl,
|d 1818-1883.
|2 fast
|0 (OCoLC)fst00030215
|
| 650 |
|
0 |
|a Communism
|v Periodicals.
|
| 650 |
|
7 |
|a Communism.
|2 fast
|0 (OCoLC)fst00870421
|
| 655 |
|
0 |
|a Electronic journals.
|
| 710 |
2 |
|
|a Association for Economic and Social Analysis.
|
| 776 |
1 |
|
|t Rethinking Marxism
|x 0893-5696
|w (DLC) 88658558
|w (OCoLC)15581396
|
| 850 |
|
|
|a DLC
|
| 856 |
4 |
0 |
|z Full text available from Research Library: 04/01/1998 to 07/31/2008
|u https://search.proquest.com/publication/31739
|